Carolina Hurricanes 2025-2026 Roster - Statistics

General Stats
  • This quiz has been taken 91 times
    14 since last reset
  • The average score is 18 of 24
Answer Stats
Jersey # Pos Player % Correct
31 G Frederik Andersen
92%
20 C Sebastian Aho
92%
71 LW Taylor Hall
92%
21 D Alexander Nikishin
83%
37 RW Andrei Svechnikov
83%
74 D Jaccob Slavin
83%
53 RW Jackson Blake
83%
48 LW Jordan Martinook
83%
11 C Jordan Staal
83%
19 D K'Andre Miller
83%
22 C Logan Stankoven
83%
24 C Seth Jarvis
83%
4 D Shayne Gostisbehere
83%
32 G Brandon Bussi
75%
77 C Mark Jankowski
75%
27 LW Nikolaj Ehlers
75%
28 LW William Carrier
75%
50 LW Eric Robinson
67%
5 D Jalen Chatfield
67%
82 C Jesperi Kotkaniemi
67%
26 D Sean Walker
67%
6 D Mike Reilly
58%
52 G Pyotr Kochetkov
58%
44 LW Nicolas Deslauriers
42%
No matching quizzes found
Score Distribution
Percent of People with Each Score
Percentile by Number Answered
Your Score History
You have not taken this quiz since the last reset